[Event "QA-ANNIV-03"]
[Site "http://www.queenalice.com/game.php?id=225635"]
[Date "2007.6.15"]
[Round "1"]
[White "groo"]
[Black "JRambo"]
[Result "1-0"]
[WhiteElo "1489"]
[BlackElo "1548"]

1. e4 e5 2. d4 exd4 3. Nf3 Nc6 4. Bc4 h6 5. Nxd4 Nxd4 6. Qxd4 c5 7. Qd5 Qe7 8.
O-O d6 9. Bf4 Be6 10. Bb5+ Bd7 11. Qxb7 Rd8 12. Nc3 Bxb5 13. Qxb5+ Rd7 14. Nd5
Qe6 15. Nc7+ 1-0

[Event "Challenge"]
[Site "http://www.queenalice.com/game.php?id=233087"]
[Date "2007.6.30"]
[Round "-"]
[White "Dandi"]
[Black "JRambo"]
[Result "0-1"]
[WhiteElo "1377"]
[BlackElo "1497"]

1. e4 e5 2. Nf3 Nf6 3. d3 d5 4. exd5 Qxd5 5. Bd2 Nc6 6. c4 Qd8 7. Nc3 Bc5 8. a3
Be6 9. Ne2 h6 10. Nc3 a6 11. h3 O-O 12. g3 Bd4 13. Ne2 Bxb2 14. Rb1 Qxd3 15. Nc3
Qd6 16. Rxb2 Qxa3 17. Nb1 Qxb2 18. Nc3 Nd4 19. Nxe5 Nc2+ 20. Ke2 Rad8 21. Bg2
Nd4+ 22. Ke3 Nf5+ 23. Ke2 b5 24. Kf1 Rxd2 25. Qe1 Qxc3 26. g4 Bxc4+ 27. Kg1 Nh4
28. Bf1 Re8 29. f4 Nf3+ 30. Nxf3 Rxe1 31. Nxe1 Qd4# 0-1

[Event "QA-ANNIV-03"]
[Site "http://www.queenalice.com/game.php?id=246759"]
[Date "2007.7.27"]
[Round "2"]
[White "JRambo"]
[Black "dlabedz"]
[Result "0-1"]
[WhiteElo "1507"]
[BlackElo "1333"]

1. e4 d5 2. e5 d4 3. d3 c5 4. Nf3 Nc6 5. a3 h6 6. h3 f6 7. Bf4 g5 8. Bd2 fxe5 9.
Be2 Nf6 10. O-O Be6 11. c3 Qd7 12. c4 a5 13. Re1 e4 14. dxe4 Nxe4 15. Bd3 g4 16.
Bxe4 gxf3 17. Bxf3 Na7 18. Bh5+ Kd8 19. Re5 Nc6 20. Rxc5 Rc8 21. b4 b6 22. Rb5
Rg8 23. Rxb6 Bxc4 24. bxa5 Qd5 25. Bb4 Qxg2# 0-1

[Event "AUTO-OPEN-655"]
[Site "http://www.queenalice.com/game.php?id=277059"]
[Date "2007.9.25"]
[Round "2"]
[White "RIVAS"]
[Black "JRambo"]
[Result "1-0"]
[WhiteElo "1928"]
[BlackElo "1501"]

1. e4 e5 2. f4 d6 3. Nf3 exf4 4. d4 Bg4 5. Bxf4 Nc6 6. Bc4 Qf6 7. Be3 O-O-O 8.
O-O Nh6 9. Nc3 Qg6 10. Qd2 Be7 11. d5 Ne5 12. Nxe5 dxe5 13. Bxh6 gxh6 14. Rae1
Bc5+ 15. Kh1 h5 16. h3 Bd7 17. Qe2 Bb4 18. Qf3 1-0

[Event "AUTO-OPEN-655"]
[Site "http://www.queenalice.com/game.php?id=277060"]
[Date "2007.9.25"]
[Round "2"]
[White "JRambo"]
[Black "RIVAS"]
[Result "0-1"]
[WhiteElo "1499"]
[BlackElo "1930"]

1. e4 e5 2. d4 exd4 3. Qxd4 Nc6 4. Qd1 Nf6 5. Nc3 Bb4 6. a3 Be7 7. Nf3 O-O 8.
Bc4 d6 9. Bf4 Bg4 10. h3 Bh5 11. g4 Bg6 12. O-O Nxe4 13. Nxe4 Bxe4 14. Bd3 Bg6
15. Bxg6 fxg6 0-1

[Event "AUTO-OPEN-655"]
[Site "http://www.queenalice.com/game.php?id=277067"]
[Date "2007.9.25"]
[Round "2"]
[White "CampbellMarcel"]
[Black "JRambo"]
[Result "1-0"]
[WhiteElo "1872"]
[BlackElo "1505"]

1. e4 d5 2. exd5 Qxd5 3. d4 e5 4. c3 exd4 5. cxd4 Bb4+ 6. Nc3 Bxc3+ 7. bxc3 Nf6
8. c4 Qa5+ 9. Bd2 Qa3 10. Qb1 Nc6 11. Nf3 O-O 12. Be2 h6 13. O-O Qe7 14. Re1 Qd8
15. d5 Ne7 16. Bb4 Bg4 17. h3 Bxf3 18. Bxf3 Re8 19. Qd3 b6 20. d6 Rc8 21. Rad1
cxd6 22. Bxd6 Nc6 23. Rxe8+ Qxe8 24. Kf1 Ne5 25. Bxe5 Qxe5 26. Re1 Qh2 27. Be4
Re8 28. f3 Kh8 29. Kf2 Qf4 30. g3 1-0

[Event "AUTO-OPEN-655"]
[Site "http://www.queenalice.com/game.php?id=277068"]
[Date "2007.9.25"]
[Round "2"]
[White "JRambo"]
[Black "CampbellMarcel"]
[Result "0-1"]
[WhiteElo "1503"]
[BlackElo "1874"]

1. e4 Nc6 2. Nc3 d6 3. Nf3 Bg4 4. h3 Bxf3 5. Qxf3 Nd4 6. Qd3 e5 7. b3 c6 8. Ba3
a6 9. O-O-O b5 10. f4 f6 11. f5 Ne7 12. g4 c5 13. Nd5 Nxd5 14. exd5 b4 15. Bb2
Qb6 16. Bxd4 cxd4 17. c4 bxc3 18. dxc3 Qc5 19. c4 Be7 20. a4 O-O 21. Qd2 Qa3+
22. Qb2 Qb4 23. Bd3 Rfc8 24. Kc2 Rab8 25. c5 Rxc5+ 26. Bc4 Rxc4+ 27. Kb1 Qxb3
28. Qxb3 Rxb3+ 29. Ka2 Rbb4 0-1

[Event "AUTO-OPEN-655"]
[Site "http://www.queenalice.com/game.php?id=277074"]
[Date "2007.9.25"]
[Round "2"]
[White "gillou91"]
[Black "JRambo"]
[Result "1-0"]
[WhiteElo "2089"]
[BlackElo "1507"]

1. d4 d5 2. Nf3 Nc6 3. Bg5 f6 4. Bh4 Bg4 5. Nbd2 Nh6 6. e3 e5 7. dxe5 Be7 8.
exf6 Bxf6 9. Bxf6 Qxf6 10. c3 O-O 11. Be2 Ne5 12. Qb3 c6 13. O-O b5 14. a4 Nc4
15. Nxc4 dxc4 16. Qc2 Bf5 17. e4 Bg4 18. axb5 cxb5 19. Rfe1 Rae8 20. e5 Qc6 21.
Nd4 Qd5 22. Bf3 Bxf3 23. Nxf3 Ng4 24. Qe4 Rxe5 25. Nxe5 1-0

[Event "AUTO-INT-471"]
[Site "http://www.queenalice.com/game.php?id=284866"]
[Date "2007.10.11"]
[Round "2"]
[White "aarongale"]
[Black "JRambo"]
[Result "1-0"]
[WhiteElo "1731"]
[BlackElo "1488"]

1. e4 e5 2. Nf3 Nf6 3. Nc3 Nc6 4. Bb5 a6 5. Bxc6 dxc6 6. d3 h6 7. Nxe5 Bd6 8.
Nf3 Bg4 9. h3 Bxf3 10. Qxf3 O-O 11. O-O Be5 12. Bd2 b5 13. Nd1 Qd4 14. Bc3 Qd6
15. g3 b4 16. Bxe5 Qd7 17. Bxf6 gxf6 18. Qxf6 Qxh3 19. Ne3 Kh7 20. Qf5+ 1-0

[Event "AUTO-INT-471"]
[Site "http://www.queenalice.com/game.php?id=284867"]
[Date "2007.10.11"]
[Round "2"]
[White "JRambo"]
[Black "aarongale"]
[Result "0-1"]
[WhiteElo "1495"]
[BlackElo "1724"]

1. e4 g6 2. f4 Bg7 3. d4 c5 4. d5 d6 5. Nf3 Qb6 6. Na3 e6 7. Bc4 Nf6 8. e5 dxe5
9. O-O O-O 10. Nxe5 Nbd7 11. Qe2 Nxe5 12. fxe5 Ne8 13. d6 Bd7 14. b3 f6 15. Bf4
g5 16. Bg3 f5 17. h4 g4 18. c3 a6 19. b4 cxb4+ 20. Bf2 Qa5 0-1

[Event "AUTO-INT-471"]
[Site "http://www.queenalice.com/game.php?id=284874"]
[Date "2007.10.11"]
[Round "2"]
[White "JRambo"]
[Black "alexnu"]
[Result "0-1"]
[WhiteElo "1509"]
[BlackElo "1931"]

1. d4 d5 2. Nf3 Nc6 3. Nc3 Nf6 4. Bf4 a6 5. e3 Bg4 6. Bd3 e6 7. h3 Bxf3 8. Qxf3
Bb4 9. a3 Bxc3+ 10. bxc3 Ne7 11. O-O Ng6 12. Bxg6 hxg6 13. Be5 Rg8 0-1

[Event "AUTO-INT-471"]
[Site "http://www.queenalice.com/game.php?id=284875"]
[Date "2007.10.11"]
[Round "2"]
[White "alexnu"]
[Black "JRambo"]
[Result "1-0"]
[WhiteElo "1880"]
[BlackElo "1511"]

1. e4 e5 2. Nf3 Nc6 3. Bb5 a6 4. Bxc6 bxc6 5. d4 d6 6. dxe5 Bg4 7. exd6 cxd6 8.
O-O Nf6 9. Re1 Be7 10. Nc3 O-O 11. Bg5 Nxe4 12. Bxe7 Qxe7 13. Rxe4 1-0

[Event "AUTO-OPEN-607"]
[Site "http://www.queenalice.com/game.php?id=300930"]
[Date "2007.11.9"]
[Round "2"]
[White "benamocarra"]
[Black "JRambo"]
[Result "1-0"]
[WhiteElo "2172"]
[BlackElo "1497"]

1. e4 e5 2. f4 d6 3. Nf3 Bg4 4. h3 Bxf3 5. Qxf3 Nc6 6. Bb5 a6 7. Bxc6+ bxc6 8.
O-O Nf6 9. Nc3 d5 10. fxe5 Nxe4 11. Qxf7# 1-0